000 00670nam a2200217 i 4500
001 bgj
100 1 _aOXENDEN, Clive
245 1 0 _aNew English File :
_bpre-internediate : student's book /
_cClive Oxenden ; Christina Latham-Koenig ; Paul Seligson.
260 _aOxford :
_bOxford University Press,
_c2005.
300 _a159 pp :
_bill. ;
_c28 cm.
650 9 _aEnglish language
655 _aTextbooks for foreigners
700 1 _aLATHAM-KOENIG, Christina.
_eco-author
700 1 _aSELIGSON, Paul.
_eco-author
020 _a0194384330
040 _cBPK
041 0 _aeng
920 _a0-19-438433-0
942 _cKS
008 s uk f |000 0 eng
999 _c48973
_d48973